|
|
|
|
| LEADER |
00743nam a2200217 4500 |
| 001 |
c000104925 |
| 003 |
CARM |
| 005 |
00000000000000.0 |
| 008 |
740104s1973 nyu 00011 eng |
| 010 |
|
|
|a 73083194 //r93
|
| 019 |
1 |
|
|a 523691
|5 LACONCORD2021
|
| 020 |
|
|
|a 0802752845
|
| 035 |
|
|
|a (OCoLC)732412
|5 LACONCORD2021
|
| 050 |
0 |
0 |
|a PZ4.J459
|b Wi
|a PS3560.E45
|
| 082 |
0 |
0 |
|a 813/.5/4
|
| 245 |
1 |
2 |
|a A wicked way to die
|c [by] J. G. Jeffreys.
|
| 260 |
|
|
|a New York,
|b Walker
|c [1973]
|
| 300 |
|
|
|a 159 p.
|c 22 cm.
|
| 852 |
8 |
|
|b CARM
|h A2:AD31A0
|i B03150
|p 0152620
|f BK
|
| 999 |
f |
f |
|i 9b23001d-a5f4-512a-9e43-1f09f86c1d63
|s 845ac9d1-df84-5398-b254-c204f6d1827c
|
| 952 |
f |
f |
|p Can circulate
|a CAVAL
|b CAVAL
|c CAVAL
|d CARM 1 Store
|e B03150
|f A2:AD31A0
|h Other scheme
|i book
|m 0152620
|